The first five hundred days :
Bewaard in:
| Formaat: | Boek |
|---|---|
| Taal: | Undetermined |
| Gepubliceerd in: |
Washington, D. C.
United States - Japan Trade Council
1974
|
| Onderwerpen: | |
| Tags: |
Voeg label toe
Geen labels, Wees de eerste die dit record labelt!
|
| Thư viện lưu trữ: | Trung tâm Học liệu Trường Đại học Cần Thơ |
|---|
| LEADER | 00403nam a2200145Ia 4500 | ||
|---|---|---|---|
| 001 | CTU_84853 | ||
| 008 | 210402s9999 xx 000 0 und d | ||
| 082 | |a 330 | ||
| 082 | |b F527 | ||
| 245 | 4 | |a The first five hundred days : | |
| 260 | |a Washington, D. C. | ||
| 260 | |b United States - Japan Trade Council | ||
| 260 | |c 1974 | ||
| 650 | |a economic | ||
| 980 | |a Trung tâm Học liệu Trường Đại học Cần Thơ | ||